000
00335 a2200157 4500
001
60620
020
_a
8532615147
040
_c
Anchieta - Pituba
100
_a
Gentili, Pablo
240
1
0
_a
Pedagogia da exclusão
_l
por
245
1
0
_a
Pedagogia da exclusão
300
_a
303
362
0
_a
1999
650
4
_a
Educação
942
_c
BK
999
_c
60620
_d
60620